Państwa na literę A, ale... - Statystyki

Ogólne statystyki
  • Ten quiz został rozwiązany 66 razy
  • Średni wynik to 6 z 7
Statystyki odpowiedzi
Państwa % Poprawnych
Armenia
90%
Andora
86%
Azerbejdżan
83%
Albania
81%
Antigua i Barbuda
81%
Austria
79%
Afganistan
75%
Nie znaleziono quizów pasujących do podanych kryteriów
Rozkład punktacji
Procent ludzi z każdym wynikiem
Percentyl według liczby udzielonych odpowiedzi
Twoja historia wyników
Nie rozwiązałeś tego quizu